00671nai a2200169Ia 4500003000900000008004100009022002200050022002300072040001600095245006900111260008600180310001200266362002700278521006900305650003900374856008800413IN-BaIIA211028c9999 xx s 000 0 eng d a0018-9480 (Print) a1557-9670 (Online) cIIA Library 0aIEEE Transactions on Microwave Theory and Techniquesh[eJournal] aNew York, USAbThe Institute of Electrical and Electronics Engineers, Inc. (IEEE) aMonthly a11(1); 1963 - Present  bSubscribed through National Knowledge Resource Consortium (NKRC) aFields, Waves and Electromagnetics uhttps://ieeexplore.ieee.org/servlet/opac?punumber=22yClick Here to Access eJournal